Statistics for General Knowledge #2

Click here to take the quiz!

General Stats

  • This quiz has been taken 13 times
    (2 since last reset)
  • The average score is 8 of 10

Answer Stats

QuestionAnswer% Correct
When did the Soviet Union collapse?1991
100%
Re Mi ( ) So. What is in the brackets?Fa
100%
Who is the dictator of North Korea?Kim Jong-un
100%
Which formula makes Albert Einstein famous?E=mc square
100%
What is the project that makes A-bomb?Manhattan Project
100%
Luke Skywalker belongs to what movie?Star Wars
100%
Who is the richest people?Jeff Bezos
50%
How fast is light?299,792 Km/second
50%
Which country is the youngest?South Sudan
50%
How many countries are in the UN193
0%

Score Distribution

Percentile by Number Answered

Percent of People with Each Score

Your Score History

You have not taken this quiz since the last reset